000 00577nam a2200229Ia 4500
003 OSt
005 20221005124137.0
006 a|||||r|||| 00| 0
007 ta
008 221004b |||||||| |||| 00| 0 eng d
024 _a65649
037 _cTextual
040 _aCRL
_cCRL
_beng
041 _2eng
_aeng
082 _aV5:1:C, J1
100 _aSanford Eva Matthews
_9634758
245 0 _aMediterranean world in ancient times
260 _c1951
650 _aHISTORY
942 _hV5:1:C, J1
_cTEXL
_2cc
999 _c1049586
_d1049586